000 00726cam a2200241 4500
001 M86465
008 090401t1997 xxu||||| |||| 00| 0 eng d
035 _a(Sirsi) u80881
041 _aeng
050 _a333.0062
110 _aRoyal Institution of Chartered Surveyors
_94900
245 4 _aThe RICS 1997 survey of members.
260 _aLondon
_bBusiness Planning & Research International
_c1997
300 _a16p. ; 30cm.
350 _a0
520 _aPrepared for the RICS by Business Planning & Research International.
650 _aABOUT RICS-RICS MEMBERS
650 _aMEMBERS SURVEY
650 _aRICS
690 _aMANAGEMENT-BUSINESS MANAGEMENT-PROFESSIONAL PRACTICE
942 _n0
948 _c15/09/1997
999 _c96649
_d96649